000 00401nam a22001337a 4500
082 _a343.071 BAS
100 _aBasit, Muhammad Abdul
245 _aLaw of Consumer Protection with Model Forms /
_cMuhammad Abdul Basit
260 _aRawalpindi :
_bFederal Law House,
_c2020.
300 _a346 p. ;
_c24 cm.
942 _2ddc
_cBK
999 _c587179
_d587179